000
00328nam a2200133Ia 4500
008
231129s1994||||xx |||||||||||||| ||spa||
040
_b
spa
082
_a
658.4 R173t
100
_a
Ramírez Cardona Carlos
245
0
_a
Teorías y enfoques sobre administración
260
_c
1994
264
_a
Unisur
942
_2
ddc
_c
BKS
999
_c
25265
_d
25265